[Event "POL-ch Academic"]
[Site "Chorzow"]
[Date "2021.05.14"]
[Round "2.20"]
[White "Golda, Sebastian"]
[Black "Watorek, Marcin"]
[Result "1-0"]
[WhiteElo "2086"]
[BlackElo "2039"]
[PlyCount "61"]
[EventDate "2021.05.14"]
[EventType "swiss (rapid)"]
[EventRounds "9"]
[EventCountry "POL"]
[SourceTitle "CBM 202 Extra"]
[Source "ChessBase"]
[SourceDate "2021.07.31"]
[SourceVersion "1"]
[SourceVersionDate "2021.07.31"]
[SourceQuality "1"]

1. e4 c5 2. Ne2 e6 3. d4 cxd4 4. Nxd4 Nf6 5. Nc3 Nc6 6. Ndb5 d6 7. Bf4 e5 8. Bg5 a6 9. Na3 b5 10. Bxf6 gxf6 11. Nd5 Be6 12. c3 Bg7 13. Bd3 f5 14. Nxb5 axb5 15. Bxb5 Bd7 16. exf5 Rb8 17. a4 Qg5 18. Qf3 0-0 19. h4 Qxf5 20. Qxf5 Bxf5 21. Bxc6 Kh8 22. b4 e4 23. Kd2 Be6 24. b5 f5 25. Nf4 Bf7 26. a5 Rfc8 27. a6 Be8 28. a7 Ra8 29. Bxa8 Rxa8 30. b6 Bc6 31. Rhb1 1-0

[Event "POL-chT 2nd League"]
[Site "Poronin"]
[Date "2020.09.12"]
[Round "8.18"]
[White "Babiarz, Arkadiusz"]
[Black "Watorek, Marcin"]
[Result "1-0"]
[WhiteElo "1872"]
[BlackElo "2100"]
[PlyCount "121"]
[EventDate "2020.09.05"]
[EventType "team-swiss"]
[EventRounds "9"]
[EventCountry "POL"]
[SourceTitle "CBM 198 Extra"]
[Source "ChessBase"]
[SourceDate "2020.11.30"]
[SourceVersion "1"]
[SourceVersionDate "2020.11.30"]
[SourceQuality "1"]
[WhiteTeam "Rzeszow RzKSz"]
[BlackTeam "Myslenice MLKSz"]
[WhiteTeamCountry "POL"]
[BlackTeamCountry "POL"]

1. e4 c5 2. c3 e6 3. d4 d5 4. exd5 exd5 5. Bb5+ Nc6 6. Nf3 Bd6 7. 0-0 Nge7 8. dxc5 Bxc5 9. Nbd2 0-0 10. Nb3 Bd6 11. Re1 Bg4 12. h3 Bh5 13. Bd3 Bg6 14. Bg5 Qc7 15. Nbd4 a6 16. Bxg6 hxg6 17. Qd3 Rfe8 18. Re2 Nxd4 19. Nxd4 Nc6 20. Rae1 Qd7 21. Nf3 Rxe2 22. Rxe2 Ne7 23. Bxe7 Bxe7 24. c4 d4 25. Qxd4 Qxd4 26. Nxd4 Bf6 27. Nf3 Rd8 28. b3 Kf8 29. Kf1 Bc3 30. Rc2 Bb4 31. Ke2 f6 32. Ke3 Re8+ 33. Kd4 Rd8+ 34. Ke4 Re8+ 35. Kd3 Rd8+ 36. Ke2 Re8+ 37. Kf1 Rd8 38. Rc1 a5 39. c5 a4 40. Rc4 axb3 41. axb3 Ba3 42. Ke2 Ke7 43. Re4+ Kd7 44. Rd4+ Kc7 45. Rxd8 Kxd8 46. Nh4 Bxc5 47. Nxg6 Kd7 48. f4 Ke6 49. g4 f5 50. g5 Bd6 51. h4 Kf7 52. h5 Bc7 53. Kd3 Bb6 54. Kc4 Ba5 55. Kd5 Bc3 56. Kd6 b5 57. Ne5+ Kf8 58. Ke6 Bd2 59. Ng6+ Kg8 60. Kxf5 Kf7 61. Ne5+ 1-0

[Event "POL-chT 2nd League"]
[Site "Poronin"]
[Date "2020.09.11"]
[Round "7.20"]
[White "Watorek, Marcin"]
[Black "Wojciechowski, Beniamin"]
[Result "1-0"]
[WhiteElo "2100"]
[BlackElo "1814"]
[PlyCount "63"]
[EventDate "2020.09.05"]
[EventType "team-swiss"]
[EventRounds "9"]
[EventCountry "POL"]
[SourceTitle "CBM 198 Extra"]
[Source "ChessBase"]
[SourceDate "2020.11.30"]
[SourceVersion "1"]
[SourceVersionDate "2020.11.30"]
[SourceQuality "1"]
[WhiteTeam "Myslenice MLKSz"]
[BlackTeam "Ustrzyki Dolne"]
[WhiteTeamCountry "POL"]
[BlackTeamCountry "POL"]

1. d4 d5 2. c4 c6 3. Nf3 Nf6 4. Qc2 e6 5. Bg5 Qa5+ 6. Nbd2 Nbd7 7. e3 Ne4 8. Bf4 f5 9. Bd3 Be7 10. Bxe4 fxe4 11. Ne5 0-0 12. 0-0 Nxe5 13. Bxe5 Bd7 14. c5 b6 15. Nb3 Qa4 16. Rfc1 b5 17. Qe2 Rf7 18. Nd2 Raf8 19. f3 exf3 20. Nxf3 Rf5 21. e4 R5f7 22. Rc3 b4 23. Re3 Bc8 24. b3 Qa5 25. exd5 exd5 26. Bxg7 Kxg7 27. Rxe7 h6 28. Rxf7+ Rxf7 29. Ne5 Rf6 30. Rf1 Rxf1+ 31. Qxf1 Qc7 32. Qf2 1-0

[Event "POL-chT 2nd League"]
[Site "Jastrzebia Gora"]
[Date "2019.09.08"]
[Round "2.5"]
[White "Licznerski, Lukasz"]
[Black "Watorek, Marcin"]
[Result "1-0"]
[WhiteElo "2356"]
[BlackElo "2091"]
[PlyCount "81"]
[EventDate "2019.09.07"]
[EventType "team-swiss"]
[EventRounds "9"]
[EventCountry "POL"]
[SourceTitle "EXT 2020"]
[Source "ChessBase"]
[SourceDate "2019.10.17"]
[SourceVersion "1"]
[SourceVersionDate "2019.10.17"]
[SourceQuality "1"]
[WhiteTeam "Rodlo Opole"]
[BlackTeam "Myslenice MLKSz"]
[WhiteTeamCountry "POL"]
[BlackTeamCountry "POL"]

1. e4 c5 2. Nf3 d6 3. d4 cxd4 4. Nxd4 Nf6 5. Nc3 Nc6 6. Be2 e5 7. Nf3 h6 8. 0-0 Be7 9. Re1 0-0 10. h3 Be6 11. Bf1 Nb8 12. b3 Nbd7 13. Bb2 a6 14. a4 Rc8 15. Nd2 Qc7 16. Nc4 Rfd8 17. a5 Qc6 18. Qf3 d5 19. exd5 Nxd5 20. Nxd5 Bxd5 21. Qg3 Bf6 22. Rad1 e4 23. Bxf6 Nxf6 24. Nb6 Qxc2 25. Nxc8 Rxc8 26. b4 Rc3 27. Qe5 Qb3 28. Rd4 Rc8 29. Red1 Re8 30. Qf4 Qa2 31. Qe3 Re6 32. R4d2 Qa4 33. Rxd5 Nxd5 34. Rxd5 Qxb4 35. Rd8+ Kh7 36. Rd7 Qxa5 37. Rxf7 Qa1 38. Rxb7 a5 39. Qb3 Re5 40. Qb2 Qxb2 41. Rxb2 1-0

[Event "Dobczyce Dominik Memorial 25th"]
[Site "Dobczyce"]
[Date "2017.07.13"]
[Round "2"]
[White "Watorek, Marcin"]
[Black "Gbyl, Andrzej"]
[Result "1/2-1/2"]
[WhiteElo "2103"]
[BlackElo "2238"]
[PlyCount "48"]
[EventDate "2017.07.13"]
[EventType "swiss"]
[EventRounds "7"]
[EventCountry "POL"]
[SourceTitle "EXT 2018"]
[Source "ChessBase"]
[SourceDate "2017.10.13"]
[SourceVersion "1"]
[SourceVersionDate "2017.10.13"]
[SourceQuality "1"]

1. d4 d5 2. c4 c6 3. Nf3 Nf6 4. Nc3 a6 5. a4 g6 6. Bf4 Bg7 7. e3 0-0 8. Qb3 Qa5 9. cxd5 cxd5 10. Be2 Nc6 11. 0-0 Rd8 12. Ne5 Qb4 13. Qa2 Bf5 14. a5 Rac8 15. Rfc1 h6 16. h3 g5 17. Bh2 e6 18. Nd3 Bxd3 19. Bxd3 Ne8 20. Ne2 Qd2 21. Rd1 Qb4 22. Rdc1 Qd2 23. Rd1 Qb4 24. Rdc1 Qd2 1/2-1/2

[Event "POL-chT 2nd League"]
[Site "Jastrzebia Gora"]
[Date "2016.09.09"]
[Round "7.35"]
[White "Drzazga, Rafal"]
[Black "Watorek, Marcin"]
[Result "1/2-1/2"]
[WhiteElo "2068"]
[BlackElo "2111"]
[PlyCount "218"]
[EventDate "2016.09.03"]
[EventType "team-swiss"]
[EventRounds "9"]
[EventCountry "POL"]
[SourceTitle "EXT 2017"]
[Source "ChessBase"]
[SourceDate "2016.10.25"]
[SourceVersion "1"]
[SourceVersionDate "2016.10.25"]
[SourceQuality "1"]
[WhiteTeam "Czerwionka Leszczyny Skoczek"]
[BlackTeam "Myslenice MLKSz"]
[WhiteTeamCountry "POL"]
[BlackTeamCountry "POL"]

1. e4 c5 2. Nc3 e6 3. Nf3 Nc6 4. d4 cxd4 5. Nxd4 Nf6 6. Be3 Bb4 7. f3 d5 8. Bb5 Bd7 9. exd5 Nxd5 10. Bxc6 Nxe3 11. Qe2 Bxc3+ 12. bxc3 Nxc2+ 13. Qxc2 Bxc6 14. Nxc6 bxc6 15. 0-0 0-0 16. Rfd1 Qb6+ 17. Kh1 Rfd8 18. Rxd8+ Rxd8 19. Re1 g6 20. h3 Rd5 21. c4 Rd4 22. Qb3 Qd8 23. Qa4 Qh4 24. Rb1 Rxc4 25. Qxa7 Kg7 26. Qe3 c5 27. Rd1 Qf6 28. a4 Rc3 29. Qe4 Ra3 30. Qc6 Qc3 31. Qe4 Ra2 32. Rd7 Qa1+ 33. Kh2 Rxa4 34. Qxe6 Qf6 35. Qe3 Rd4 36. Re7 Qd6+ 37. Qe5+ Qxe5+ 38. Rxe5 c4 39. Rc5 Kf6 40. Kg3 Ke6 41. Kf2 Kd6 42. Rc8 Rd2+ 43. Ke3 Rxg2 44. Rxc4 Ke5 45. h4 h5 46. Rc5+ Kf6 47. Kf4 Ra2 48. Rc6+ Kg7 49. Rb6 Ra5 50. Rc6 Rf5+ 51. Kg3 Rf6 52. Rc4 Rd6 53. Kf4 f6 54. Ra4 Kh6 55. Kg3 g5 56. Rb4 Kg6 57. Ra4 Rb6 58. Rc4 Rb5 59. Ra4 Rf5 60. Rb4 gxh4+ 61. Rxh4 Kg5 62. Ra4 Rb5 63. Rc4 Rb1 64. Rc5+ Kg6 65. Ra5 Rg1+ 66. Kf4 Rg5 67. Ra8 h4 68. Rh8 Rh5 69. Rg8+ Kf7 70. Rg2 Ke6 71. Re2+ Kd5 72. Kg4 Rh8 73. Rh2 Ke5 74. Re2+ Kd4 75. Rh2 Ke3 76. Rh3 Rg8+ 77. Kf5 Rg3 78. Rxh4 Rxf3+ 79. Kg6 f5 80. Kf6 Kf2 81. Rh5 f4 82. Ke5 Ke3 83. Rh1 Rf2 84. Re1+ Kf3 85. Kf5 Kg2 86. Re4 f3 87. Rg4+ Kf1 88. Rf4 Ke2 89. Re4+ Kd3 90. Rf4 Rf1 91. Kg4 Ke3 92. Rf8 Rg1+ 93. Kh3 f2 94. Kh2 f1Q 95. Re8+ Kd4 96. Rd8+ Ke3 97. Re8+ Kf4 98. Rf8+ Kg4 99. Rg8+ Kf3 100. Rf8+ Ke2 101. Re8+ Kd2 102. Rd8+ Ke1 103. Re8+ Kd2 104. Rd8+ Kc3 105. Rc8+ Kb4 106. Rb8+ Ka5 107. Ra8+ Kb6 108. Rb8+ Kc7 109. Rc8+ Kxc8 1/2-1/2

[Event "POL-chT 2nd League"]
[Site "Jastrzebia Gora"]
[Date "2016.09.08"]
[Round "6.53"]
[White "Watorek, Marcin"]
[Black "Tustanowski, Mateusz"]
[Result "1/2-1/2"]
[WhiteElo "2111"]
[BlackElo "1921"]
[PlyCount "105"]
[EventDate "2016.09.03"]
[EventType "team-swiss"]
[EventRounds "9"]
[EventCountry "POL"]
[SourceTitle "EXT 2017"]
[Source "ChessBase"]
[SourceDate "2016.10.25"]
[SourceVersion "1"]
[SourceVersionDate "2016.10.25"]
[SourceQuality "1"]
[WhiteTeam "Myslenice MLKSz"]
[BlackTeam "Prudnik LKS Zarzewie"]
[WhiteTeamCountry "POL"]
[BlackTeamCountry "POL"]

1. d4 d5 2. c4 e6 3. Nc3 Nf6 4. Bg5 Be7 5. e3 h6 6. Bh4 0-0 7. Nf3 b6 8. Qc2 Bb7 9. Bxf6 Bxf6 10. cxd5 exd5 11. 0-0-0 c5 12. g4 Nc6 13. h4 cxd4 14. exd4 Bc8 15. Bh3 Bxh4 16. Kb1 Bg5 17. Nxg5 Qxg5 18. f4 Qg6 19. f5 Qg5 20. Rhg1 Bb7 21. Bg2 Rad8 22. Qf2 Rd6 23. Bf3 Re8 24. Bxd5 Red8 25. Ne4 Qe7 26. Nxd6 Rxd6 27. Bh1 Nb4 28. Rge1 Qd7 29. Bxb7 Qxb7 30. a3 Nd5 31. Re8+ Kh7 32. g5 hxg5 33. f6 Rxf6 34. Rh1+ Kg6 35. Qh2 Rf4 36. Qh7+ Kf6 37. Re5 Ne7 38. Qh5 Rf5 39. Rg1 Rxe5 40. dxe5+ Ke6 41. Qg4+ Nf5 42. Re1 Qd5 43. Qa4 Qd7 44. Qc4+ Qd5 45. Qc8+ Qd7 46. Qc4+ Qd5 47. Qc8+ Qd7 48. Qc4+ Ke7 49. Qb4+ Ke8 50. Qa4 Ke7 51. Ka1 Qd3 52. Qxa7+ Ke6 53. Rg1 1/2-1/2

[Event "POL-chT 2nd League"]
[Site "Jastrzebia Gora"]
[Date "2016.09.04"]
[Round "2.77"]
[White "Watorek, Marcin"]
[Black "Gosciniak, Tomasz"]
[Result "1-0"]
[WhiteElo "2111"]
[BlackElo "1949"]
[PlyCount "39"]
[EventDate "2016.09.03"]
[EventType "team-swiss"]
[EventRounds "9"]
[EventCountry "POL"]
[SourceTitle "EXT 2017"]
[Source "ChessBase"]
[SourceDate "2016.10.25"]
[SourceVersion "1"]
[SourceVersionDate "2016.10.25"]
[SourceQuality "1"]
[WhiteTeam "Myslenice MLKSz"]
[BlackTeam "Grzybowo GKSz Solny"]
[WhiteTeamCountry "POL"]
[BlackTeamCountry "POL"]

1. d4 d5 2. c4 c6 3. Nf3 Nf6 4. Qc2 e6 5. Bg5 Be7 6. e3 Nbd7 7. Nc3 0-0 8. 0-0-0 dxc4 9. Bxc4 b5 10. Bd3 h6 11. h4 Nd5 12. Nxd5 cxd5 13. Bxe7 Qxe7 14. Qb1 Ba6 15. g4 Nb6 16. g5 h5 17. g6 Nc4 18. Ng5 Rac8 19. Bxc4 Rxc4+ 20. Kd2 1-0

[Event "Oravska Priehrada op"]
[Site "Oravska Priehrada"]
[Date "2016.08.29"]
[Round "6"]
[White "Watorek, Marcin"]
[Black "Bielik, Jakub"]
[Result "1-0"]
[WhiteElo "2106"]
[BlackElo "1693"]
[PlyCount "89"]
[EventDate "2016.08.26"]
[EventType "swiss"]
[EventRounds "7"]
[EventCountry "SVK"]
[SourceTitle "CBM 174 Extra"]
[Source "ChessBase"]
[SourceDate "2016.10.10"]
[SourceVersion "1"]
[SourceVersionDate "2016.10.10"]
[SourceQuality "1"]

1. d4 e6 2. c4 d5 3. Nc3 c5 4. cxd5 exd5 5. Nf3 Nc6 6. g3 Nf6 7. Bg2 c4 8. 0-0 Be7 9. Ne5 Be6 10. f4 Qc8 11. f5 Bxf5 12. Nxd5 Nxd5 13. Bxd5 Nxe5 14. dxe5 Be6 15. Qa4+ Kf8 16. Bxe6 Qxe6 17. Be3 Qxe5 18. Rf3 b5 19. Qa6 Bc5 20. Qb7 Bxe3+ 21. Kf1 Qe8 22. Rxe3 Qxe3 23. Qxa8+ Qe8 24. Qxa7 h5 25. Rd1 Rh6 26. Qa5 Qc6 27. Qd8+ Qe8 28. Qxe8+ Kxe8 29. Rd5 Ra6 30. Rxh5 Rb6 31. Ke1 b4 32. Rc5 c3 33. bxc3 bxc3 34. Rxc3 Ra6 35. a3 Ke7 36. Kd2 Kf6 37. h4 Kg6 38. Kc2 Re6 39. Kd3 Ra6 40. Kc4 Kh5 41. Kb5 Re6 42. Rc5+ Kg4 43. Rg5+ Kh3 44. Rxg7 Rxe2 45. Rxf7 1-0

[Event "Oravska Priehrada op"]
[Site "Oravska Priehrada"]
[Date "2016.08.27"]
[Round "2"]
[White "Watorek, Marcin"]
[Black "Skapikova, Lubica"]
[Result "1-0"]
[WhiteElo "2106"]
[BlackElo "1889"]
[PlyCount "69"]
[EventDate "2016.08.26"]
[EventType "swiss"]
[EventRounds "7"]
[EventCountry "SVK"]
[SourceTitle "CBM 174 Extra"]
[Source "ChessBase"]
[SourceDate "2016.10.10"]
[SourceVersion "1"]
[SourceVersionDate "2016.10.10"]
[SourceQuality "1"]

1. d4 f5 2. g3 Nf6 3. Bg2 g6 4. Nf3 Bg7 5. 0-0 0-0 6. b3 c5 7. e3 Ne4 8. Bb2 Nc6 9. Nbd2 d5 10. c4 e6 11. Ne5 Bxe5 12. dxe5 Rb8 13. cxd5 exd5 14. f3 Ng5 15. h4 Ne6 16. f4 b6 17. Nb1 Ne7 18. Nc3 d4 19. exd4 Nxd4 20. Ne2 Ne6 21. Qc2 Ba6 22. Rfd1 Qc7 23. Rd6 Kf7 24. Rxe6 Kxe6 25. Nd4+ Kd7 26. e6+ Ke8 27. Nf3 Nc6 28. Ne5 Nb4 29. Qc3 Bc8 30. a3 Bb7 31. axb4 Bxg2 32. Kxg2 Rd8 33. Nd7 Qc6+ 34. Kh3 Ke7 35. Qg7+ 1-0

[Event "POL-chT 1st League"]
[Site "Jastrzebia Gora"]
[Date "2015.09.07"]
[Round "3.16"]
[White "Sliwerski, Radoslaw"]
[Black "Watorek, Marcin"]
[Result "1/2-1/2"]
[WhiteElo "2135"]
[BlackElo "2130"]
[PlyCount "92"]
[EventDate "2015.09.05"]
[EventType "team-tourn"]
[EventRounds "9"]
[EventCountry "POL"]
[SourceTitle "EXT 2016"]
[Source "ChessBase"]
[SourceDate "2015.10.08"]
[SourceVersion "1"]
[SourceVersionDate "2015.10.08"]
[SourceQuality "1"]
[WhiteTeam "Miedzyborow Wrzos"]
[BlackTeam "Myslenice"]
[WhiteTeamCountry "POL"]
[BlackTeamCountry "POL"]

1. d4 Nf6 2. c4 e6 3. Nc3 c5 4. Nf3 cxd4 5. Nxd4 Nc6 6. a3 d5 7. cxd5 Nxd5 8. Nxc6 bxc6 9. e4 Nxc3 10. Qxd8+ Kxd8 11. bxc3 Bc5 12. Bc4 a5 13. a4 e5 14. Rb1 Kc7 15. Ke2 Ba6 16. Bxa6 Rxa6 17. Rd1 Raa8 18. f4 f6 19. fxe5 fxe5 20. Rf1 Rhf8 21. Rf3 Rxf3 22. gxf3 Rd8 23. Bd2 Rb8 24. Rxb8 Kxb8 25. c4 Bb6 26. Bc3 Bc7 27. f4 exf4 28. Bxg7 f3+ 29. Kxf3 Bxh2 30. Bc3 Bc7 31. c5 h5 32. e5 Kc8 33. Kf4 h4 34. Be1 h3 35. Bg3 Kd7 36. Kf5 Ke7 37. Bf4 Bb8 38. Bg3 Ba7 39. Kg4 Bxc5 40. Kxh3 Ke6 41. Kg4 Bd4 42. Be1 Kxe5 43. Bxa5 Kd5 44. Kf3 Kc4 45. Ke4 Ba7 46. Bd2 Bb6 1/2-1/2

[Event "POL-chT 1st League"]
[Site "Jastrzebia Gora"]
[Date "2015.09.05"]
[Round "1.21"]
[White "Watorek, Marcin"]
[Black "Mickiewicz, Piotr"]
[Result "0-1"]
[WhiteElo "2130"]
[BlackElo "2367"]
[PlyCount "74"]
[EventDate "2015.09.05"]
[EventType "team-tourn"]
[EventRounds "9"]
[EventCountry "POL"]
[SourceTitle "EXT 2016"]
[Source "ChessBase"]
[SourceDate "2015.10.08"]
[SourceVersion "1"]
[SourceVersionDate "2015.10.08"]
[SourceQuality "1"]
[WhiteTeam "Myslenice"]
[BlackTeam "Pultusk Nadnarwianka"]
[WhiteTeamCountry "POL"]
[BlackTeamCountry "POL"]

1. d4 g6 2. c4 Bg7 3. Nc3 c5 4. d5 Bxc3+ 5. bxc3 f5 6. h4 Qa5 7. Bd2 Nf6 8. h5 g5 9. Qc2 Ne4 10. g4 Nxd2 11. Qxd2 d6 12. gxf5 Bxf5 13. Bh3 g4 14. Bg2 Na6 15. e4 Bd7 16. Ne2 0-0-0 17. Rb1 Nc7 18. Nf4 Qa4 19. Qb2 b6 20. Qb3 Rhf8 21. Nd3 e5 22. Rh4 Qa6 23. a3 Rf7 24. Ra1 g3 25. f4 exf4 26. Rxf4 Rxf4 27. Nxf4 Rf8 28. Nd3 Ba4 29. Qa2 b5 30. Qe2 bxc4 31. Bh3+ Kb8 32. Rb1+ Bb5 33. Nxc5 dxc5 34. Qxc4 g2 35. Bxg2 Qb6 36. Qb3 c4 37. Qc2 Qg1+ 0-1

[Event "Krakow op-A 25th"]
[Site "Krakow"]
[Date "2015.01.04"]
[Round "9"]
[White "Teglas, Balazs"]
[Black "Watorek, Marcin"]
[Result "0-1"]
[WhiteElo "2252"]
[BlackElo "2110"]
[PlyCount "59"]
[EventDate "2014.12.27"]
[EventType "swiss"]
[EventRounds "9"]
[EventCountry "POL"]
[SourceTitle "CBM 164 Extra"]
[Source "ChessBase"]
[SourceDate "2015.03.02"]
[SourceVersion "1"]
[SourceVersionDate "2015.03.02"]
[SourceQuality "1"]

1. e4 c5 2. c3 e6 3. d4 d5 4. exd5 exd5 5. Nf3 Nc6 6. Bb5 Bd6 7. dxc5 Bxc5 8. 0-0 Nge7 9. Re1 0-0 10. Nbd2 Bg4 11. Nb3 Bd6 12. Bg5 Qc7 13. h3 Bh5 14. Be2 a6 15. Nbd4 Rfe8 16. Qd2 h6 17. Be3 Bg6 18. Rad1 Na5 19. Bd3 Nc4 20. Bxc4 Qxc4 21. a3 Qc7 22. Ne2 Be4 23. Nfd4 g5 24. f3 Bh7 25. f4 Kh8 26. fxg5 Rg8 27. Nf3 Be4 28. Qd4+ Kh7 29. Qf6 Nf5 30. gxh6 0-1

[Event "Krakow op-A 25th"]
[Site "Krakow"]
[Date "2014.12.31"]
[Round "6"]
[White "Watorek, Marcin"]
[Black "Sychevskyy, Andriy"]
[Result "1-0"]
[WhiteElo "2110"]
[BlackElo "2193"]
[PlyCount "101"]
[EventDate "2014.12.27"]
[EventType "swiss"]
[EventRounds "9"]
[EventCountry "POL"]
[SourceTitle "CBM 164 Extra"]
[Source "ChessBase"]
[SourceDate "2015.03.02"]
[SourceVersion "1"]
[SourceVersionDate "2015.03.02"]
[SourceQuality "1"]

1. d4 Nf6 2. c4 c5 3. d5 b5 4. cxb5 a6 5. bxa6 g6 6. Nc3 Bxa6 7. g3 d6 8. Bg2 Bg7 9. Nf3 Nfd7 10. Qc2 Nb6 11. h4 h6 12. Nh2 Nc4 13. h5 g5 14. Ng4 Nd7 15. 0-0 Qa5 16. a3 Ndb6 17. Nd1 Qa4 18. b3 Qd7 19. Ra2 Qxg4 20. bxc4 Qxc4 21. Ne3 Qxc2 22. Rxc2 Na4 23. Nf5 Bf6 24. f4 g4 25. Re1 Rb8 26. Ne3 Rg8 27. Nc4 Bc3 28. Nd2 Kd7 29. Bf1 Rgc8 30. e4 Bxf1 31. Kxf1 Bxd2 32. Bxd2 Rb3 33. Re3 c4 34. Ke2 c3 35. Bc1 Rc5 36. f5 Rb2 37. Kd1 Rb1 38. Ke2 Ra1 39. Kd3 Rb5 40. Ree2 Rb2 41. Bxh6 Rh1 42. Bc1 Rb1 43. h6 f6 44. Rh2 Rxh2 45. Rxh2 Rb8 46. h7 Rh8 47. Be3 Ke8 48. Bd4 Kf7 49. Bxc3 Nc5+ 50. Ke3 Kg7 51. Bd4 1-0

[Event "Krakow op-A 25th"]
[Site "Krakow"]
[Date "2014.12.28"]
[Round "3"]
[White "Kowalczyk, Rafal"]
[Black "Watorek, Marcin"]
[Result "0-1"]
[WhiteElo "2180"]
[BlackElo "2110"]
[PlyCount "54"]
[EventDate "2014.12.27"]
[EventType "swiss"]
[EventRounds "9"]
[EventCountry "POL"]
[SourceTitle "CBM 164 Extra"]
[Source "ChessBase"]
[SourceDate "2015.03.02"]
[SourceVersion "1"]
[SourceVersionDate "2015.03.02"]
[SourceQuality "1"]

1. e4 c5 2. c3 e6 3. d4 d5 4. exd5 exd5 5. dxc5 Bxc5 6. Nf3 Nc6 7. Nbd2 Nf6 8. Nb3 Bb6 9. Bd3 0-0 10. 0-0 Ne4 11. Qc2 f5 12. Bf4 Qf6 13. Rad1 Be6 14. Nbd4 Bf7 15. Bb5 Rfe8 16. Qc1 h6 17. Be3 g5 18. Nc2 Bc7 19. Nfe1 f4 20. Bd4 Nxd4 21. Nxd4 Re7 22. f3 Nd6 23. Bd3 Bb6 24. Kh1 Bg6 25. Bxg6 Qxg6 26. Ndc2 Nf5 27. Nd4 Ng3+ 0-1

[Event "POL-chT 2nd League"]
[Site "Szczyrk"]
[Date "2014.09.14"]
[Round "9.13"]
[White "Watorek, Marcin"]
[Black "Hnydiuk, Aleksander"]
[Result "1-0"]
[WhiteElo "2085"]
[BlackElo "2375"]
[PlyCount "71"]
[EventDate "2014.09.06"]
[EventType "team-swiss"]
[EventRounds "9"]
[EventCountry "POL"]
[SourceTitle "EXT 2015"]
[Source "ChessBase"]
[SourceDate "2014.11.20"]
[SourceVersion "1"]
[SourceVersionDate "2014.11.20"]
[SourceQuality "1"]
[WhiteTeam "Myslenice MLKSz"]
[BlackTeam "Czerwionka Leszczyny Skoczek"]
[WhiteTeamCountry "POL"]
[BlackTeamCountry "POL"]

1. d4 Nf6 2. c4 e6 3. Nc3 Bb4 4. f3 d5 5. a3 Bd6 6. e3 0-0 7. Bd3 c5 8. Nge2 a6 9. b3 Nc6 10. 0-0 Qc7 11. f4 b6 12. Qc2 Ne7 13. Rf3 dxc4 14. bxc4 Bb7 15. Rh3 Ng6 16. e4 cxd4 17. e5 dxc3 18. exf6 gxf6 19. Nxc3 Bxf4 20. Bb2 Be5 21. Qe2 f5 22. Rf1 f6 23. Na4 Rad8 24. Bc1 Rd4 25. Be3 Rg4 26. Rf2 Qc6 27. Nxb6 Nh4 28. Nd5 exd5 29. Bxf5 Rxc4 30. Qh5 Rf7 31. Rxh4 Rxh4 32. Qxh4 d4 33. Bxd4 Qc1+ 34. Rf1 Qc4 35. Qg4+ Kh8 36. Bxe5 1-0

[Event "Golden Rook op 56th"]
[Site "Chotowa"]
[Date "2014.06.11"]
[Round "6"]
[White "Watorek, Marcin"]
[Black "Borawski, Jakub"]
[Result "0-1"]
[WhiteElo "2124"]
[BlackElo "2010"]
[PlyCount "88"]
[EventDate "2014.06.08"]
[EventType "team-swiss"]
[EventRounds "9"]
[EventCountry "POL"]
[SourceTitle "EXT 2015"]
[Source "ChessBase"]
[SourceDate "2014.11.20"]
[SourceVersion "1"]
[SourceVersionDate "2014.11.20"]
[SourceQuality "1"]

1. d4 Nf6 2. Nf3 e6 3. c4 Bb4+ 4. Bd2 Qe7 5. g3 Nc6 6. Nc3 Bxc3 7. Bxc3 Ne4 8. Rc1 0-0 9. Bg2 Nxc3 10. Rxc3 d6 11. 0-0 a5 12. d5 Nb4 13. a3 Na6 14. dxe6 fxe6 15. Nd2 e5 16. Ne4 Kh8 17. c5 Rd8 18. Qc1 d5 19. Qg5 Re8 20. Qxe7 Rxe7 21. Rd1 c6 22. Nd2 Bg4 23. f3 Be6 24. e3 a4 25. Rcc1 g6 26. Kf2 Kg7 27. Re1 Rd8 28. f4 Bf5 29. Nf3 exf4 30. gxf4 Be4 31. Bh3 Bxf3 32. Kxf3 Re4 33. Bf1 Rde8 34. Bd3 R4e7 35. Re2 Kf6 36. Rc3 Nc7 37. Bc2 Ne6 38. Rd2 Ra8 39. e4 dxe4+ 40. Bxe4 Ra5 41. Rd6 Kg7 42. f5 Ng5+ 43. Kg2 Nxe4 44. Re3 gxf5 0-1

[Event "Golden Rook op 56th"]
[Site "Chotowa"]
[Date "2014.06.10"]
[Round "3"]
[White "Kruszynski, Krzysztof"]
[Black "Watorek, Marcin"]
[Result "1/2-1/2"]
[WhiteElo "1656"]
[BlackElo "2124"]
[PlyCount "93"]
[EventDate "2014.06.08"]
[EventType "team-swiss"]
[EventRounds "9"]
[EventCountry "POL"]
[SourceTitle "EXT 2015"]
[Source "ChessBase"]
[SourceDate "2014.11.20"]
[SourceVersion "1"]
[SourceVersionDate "2014.11.20"]
[SourceQuality "1"]

1. e4 c5 2. Nf3 d6 3. d4 cxd4 4. Nxd4 Nf6 5. Nc3 Nc6 6. Bg5 e6 7. Qd2 a6 8. 0-0-0 Bd7 9. f4 b5 10. Nxc6 Bxc6 11. Qe3 Be7 12. Bxf6 gxf6 13. f5 Qc7 14. fxe6 fxe6 15. Be2 0-0-0 16. Bg4 Bd7 17. Qh3 b4 18. Ne2 Qc4 19. Kb1 Qxe4 20. Rd4 Qe5 21. Rxb4 d5 22. Rb6 f5 23. Bh5 Kc7 24. Rb3 Rb8 25. Qd3 Bf6 26. Qd2 Bb5 27. Re1 Bxe2 28. Bxe2 Rxb3 29. cxb3 Qd4 30. Rc1+ Kb6 31. Bd3 Kb7 32. Qe2 Qb6 33. Bxa6+ Kb8 34. Bb5 Rc8 35. Re1 Qd4 36. Bd7 Rc7 37. Bxe6 Re7 38. Qb5+ Ka7 39. Qa5+ Kb8 40. Qd8+ Ka7 41. Qa5+ Kb8 42. Qb5+ Ka7 43. Qa5+ Kb8 44. Qd8+ Ka7 45. Qa5+ Kb8 46. Qd8+ Ka7 47. Qa5+ 1/2-1/2

[Event "Golden Rook op 56th"]
[Site "Chotowa"]
[Date "2014.06.10"]
[Round "4"]
[White "Watorek, Marcin"]
[Black "Wozniak, Maciej"]
[Result "0-1"]
[WhiteElo "2124"]
[BlackElo "2169"]
[PlyCount "74"]
[EventDate "2014.06.08"]
[EventType "team-swiss"]
[EventRounds "9"]
[EventCountry "POL"]
[SourceTitle "EXT 2015"]
[Source "ChessBase"]
[SourceDate "2014.11.20"]
[SourceVersion "1"]
[SourceVersionDate "2014.11.20"]
[SourceQuality "1"]

1. d4 Nf6 2. c4 g6 3. Nc3 d5 4. cxd5 Nxd5 5. Bd2 Bg7 6. e4 Nxc3 7. Bxc3 c5 8. d5 Bxc3+ 9. bxc3 Qa5 10. Qd2 b5 11. Nf3 0-0 12. h4 h5 13. Ne5 Kg7 14. Bd3 c4 15. Bc2 Qb6 16. g4 Qf6 17. f4 hxg4 18. 0-0-0 Rh8 19. Rdg1 b4 20. cxb4 Nd7 21. Nxg4 Qa1+ 22. Bb1 c3 23. Qc2 Rb8 24. Rg3 Nb6 25. Ne5 Nxd5 26. exd5 Bf5 27. Qb3 c2 28. Nd3 cxb1Q+ 29. Qxb1 Rhc8+ 30. Kd2 Qc3+ 31. Ke2 Rxb4 32. Qa1 Bxd3+ 33. Rxd3 Rb2+ 34. Ke3 Qc2 35. Rhd1 Qf2+ 36. Ke4 f5+ 37. Ke5 Qe2+ 0-1